Countries With Highest Coast-to-Land-Border Ratio - Statistics

General Stats
  • This quiz has been taken 1,895 times
    488 since last reset
  • The average score is 17 of 21
Answer Stats
Ratio Country % Correct
22.7 Canada
96%
34.5 United Kingdom
96%
19.3 Indonesia
94%
4.0 Ireland
93%
9.9 Norway
93%
58.5 Denmark
91%
11.1 Greece
89%
3.9 Italy
89%
10.1 South Korea
87%
4.9 Haiti
86%
3.6 Dominican Republic
85%
2.1 Mexico
83%
2.6 Spain
82%
6.3 Papua New Guinea
81%
2.7 Turkey
80%
4.5 Panama
77%
2.0 Costa Rica
72%
9.4 Qatar
69%
3.1 East Timor
60%
2.7 Croatia
55%
6.0 Estonia
52%
No matching quizzes found
Score Distribution
Percent of People with Each Score
Percentile by Number Answered
Your Score History
You have not taken this quiz since the last reset